logo

Bir Sreshtho Munshi Abdur Rouf Library
Jhenaidah Cadet College

Early Victorian novelists: (Record no. 8389)

MARC details
000 -LEADER
fixed length control field 01107cam a22002891 4500
001 - CONTROL NUMBER
JCCL Control Number 8389
003 - CONTROL NUMBER IDENTIFIER
JCCL marc code BD-JhCC
005 - DATE AND TIME OF LATEST TRANSACTION
control field 20230802100226.0
008 - FIXED-LENGTH DATA ELEMENTS--GENERAL INFORMATION
fixed length control field 730725s1935 inu 000 0 eng
035 ## - SYSTEM CONTROL NUMBER
system control number (BD-JhCC)8389
035 ## - SYSTEM CONTROL NUMBER
system control number BD-JhCC
040 ## - CATALOGING SOURCE
Original cataloging agency DLC
Transcribing agency ONcM
Modifying agency OCoLC
-- DLC
-- BD-JhCC
041 ## - LANGUAGE CODE
Language code of Book eng
050 00 - LIBRARY OF CONGRESS CALL NUMBER
Classification number PR873
Item number .C4 1935
082 ## - DEWEY DECIMAL CLASSIFICATION NUMBER
Classification number 823.809
Author mark and Year CEC 1935
100 1# - MAIN ENTRY--PERSONAL NAME
Personal name Cecil, David,
Dates associated with a name 1902-1986.
245 10 - TITLE STATEMENT
Title Early Victorian novelists:
Remainder of title essays in revaluation /
Statement of responsibility, etc David Cecil .
260 ## - PUBLICATION, DISTRIBUTION, ETC. (IMPRINT)
Place of publication, distribution, etc Indianapolis,
Name of publisher, distributor, etc Bobbs-Merrill
Date of publication, distribution, etc [c1935]
300 ## - PHYSICAL DESCRIPTION
Pagination 342 p.
Dimensions 21 cm.
500 ## - GENERAL NOTE
General note "These essays are derived from a series of lectures on the Victorian novel delivered at Oxford two or three years ago."--Prefatory note.
500 ## - GENERAL NOTE
General note "First edition."
505 0# - FORMATTED CONTENTS NOTE
Formatted contents note As they look to the reader.--Charles Dickens.--William Makepeace Thackeray.--Charlotte Brontë.--Emily Brontë and Wuthering heights.--Mrs. Gaskell.--Anthony Trollope.--George Eliot.
650 #0 - SUBJECT ADDED ENTRY--TOPICAL TERM
Topical term or geographic name as entry element English fiction
Chronological subdivision 19th century
General subdivision History and criticism.
740 0# -
Uncontrolled related/analytical title Victorian novelists.
942 ## - ADDED ENTRY ELEMENTS (KOHA)
Source of classification or shelving scheme Dewey Decimal Classification
Koha item type Books
Holdings
Source of classification or shelving scheme Damaged status Not for loan Home library Current library Shelving location Date of accession Full call number Barcode Date last seen Copy number Method of acquisition Koha item type
Dewey Decimal Classification     JCC Rouf Library JCC Rouf Library General Stacks 08/02/2023 823.809 CEC 1935 9302 02/22/2018 C - 1 Purchase Books

JCC Library | Contacts | JCC Home

Last Update on 23 September 2017
Copyright @ 2017-2020 JCC Rouf Library
Rouf Library, Jhenidah Cadet College (JCC), Bangladesh